000 01463nam a22003257a 4500
005 20110428135455.0
008 110428t xxu||||| |||| 00| 0 eng d
010 _aENG-102378-379
020 _a9788175332003(set of 2 vols.)
_c2995.00 (set of 2 vols.)
020 _a9788175332010 v.1
_c2995.00 (set of 2 vols.)
020 _a9788175332027 v.2
_c2995.00 (set of 2 vols.)
035 _aEN-85911-912
037 _bDBAD/PUB
040 _adpl
_bEng
082 _a690.24
100 _927456
245 _aNatural and man made disasters :
_cedited by K. K. Singh [and] A. K. Singh
_bvulnerability, preparedness and mitigation /
260 _aNew Delhi
_b MD Publications
_c2010
270 _a"MD House", 11, Darya Ganj
_bNew Delhi
_e110002
_k91-11-45355555
_mcontact@mdppl.com
300 _a2v.(xvii,402 ; xvii,403-691) p.
_c25cm (Hb)
500 _aIncludes bibliographical references and index
610 _927464
650 _927465
651 _927466
700 _927451
_aSingh, A. K.
710 _927453
942 _2ddc
_cEN
_h690.24
_mNAT
999 _c51971
_d51971